| 000 | 00736cam a22002531 4500 | ||
|---|---|---|---|
| 001 | af 48000975 | ||
| 003 | DLC | ||
| 005 | 20260227110846.0 | ||
| 008 | 890418s1945 fr b 000 1 fre c | ||
| 010 | _aaf 48000975 | ||
| 035 | _a(OCoLC)19565278 | ||
| 040 |
_aCalifornia. Univ. Libr. _cCU _dCU _dDLC |
||
| 041 | 1 |
_afre _hdut |
|
| 042 | _apremarc | ||
| 050 | 0 | 0 |
_aPT5834.F32 _bD26 |
| 082 | _a839.3135 | ||
| 100 | 1 |
_aFabricius, Johan, _d1899- |
|
| 245 | 1 | 0 |
_aDémons à Bali; _broman, _ctr. du hollandais par A. Kaminker. |
| 260 |
_a[Paris] _bÉditions du Pavois _c[1945] |
||
| 300 |
_a315 p. _c19 cm. |
||
| 440 | 0 | _aBibliothèque internationale | |
| 504 | _a"Glossaire [de mots malais]": p. 313-315. | ||
| 700 | 1 |
_aKaminker, A., _etr. |
|
| 999 |
_c4292 _d4292 |
||